[Event "ch-USA w 2022"]
[Site "Saint Louis USA"]
[Date "2022.10.15"]
[Round "10.7"]
[White "Eswaran, Ashritha"]
[Black "Tokhirjonova, Gulrukhbegim"]
[Result "0-1"]
[WhiteTitle "FM"]
[BlackTitle "WGM"]
[WhiteElo "2365"]
[BlackElo "2336"]
[WhiteFideId "2080788"]
[BlackFideId "14203626"]
[EventDate "2022.10.05"]

1. Nf3 c5 2. c4 Nc6 3. b3 e5 4. Nc3 d6 5. Bb2 g6 6. e3 Bg7 7. d3 Nge7 8. Be2 O-O
9. O-O h6 10. a3 Kh7 11. Ne1 g5 12. e4 f5 13. exf5 Bxf5 14. Nc2 Ng6 15. Bg4 Qd7
16. Bxf5 Rxf5 17. Qg4 Nf4 18. Ne3 Rf7 19. Qxd7 Rxd7 20. Rfd1 e4 21. Na4 exd3 22.
g3 Ne2+ 23. Kg2 Rf8 24. Bxg7 Kxg7 25. Rxd3 Rdf7 26. Rf1 Ned4 27. b4 b6 28. Nc3
Re8 29. Ncd5 Ne5 30. Rdd1 Nef3 31. h3 h5 32. Nc3 Kg6 33. Rh1 Re6 34. Rhf1 h4 35.
Ncd5 Nb3 36. Rd3 Nbd4 37. Rdd1 Kg7 38. Rd3 Re8 39. Rdd1 Ref8 40. Nc3 Re8 41.
Ncd5 Kf8 42. Rd3 Re6 43. Rdd1 Nb3 44. Rd3 Nbd2 45. Rd1 Ne4 46. Nc3 Ne5 47. Nxe4
Nxd3 48. f3 Nf2 49. Rxd6 Rxd6 50. Nxd6 Rd7 51. bxc5 bxc5 52. Nef5 Nd3 53. f4
gxf4 54. gxh4 Ne5 55. h5 Rh7 56. h6 Nf7 57. Ne4 Nxh6 58. Nfd6 Nf7 59. Nb5 Ne5
60. Nxc5 f3+ 61. Kf2 Rxh3 62. Ne4 Ng4+ 63. Kg1 f2+ 64. Nxf2 Rg3+ 65. Kf1 Rf3 66.
Kg2 Rxf2+ 67. Kg3 a6 0-1

[Event "ch-USA w 2022"]
[Site "Saint Louis USA"]
[Date "2022.10.17"]
[Round "11.1"]
[White "Tokhirjonova, Gulrukhbegim"]
[Black "Yu, Jennifer"]
[Result "0-1"]
[WhiteTitle "WGM"]
[BlackTitle "FM"]
[WhiteElo "2336"]
[BlackElo "2297"]
[WhiteFideId "14203626"]
[BlackFideId "2078341"]
[EventDate "2022.10.05"]

1. e4 e5 2. Nf3 Nf6 3. d4 Nxe4 4. Bd3 d5 5. Nxe5 Nd7 6. Nxd7 Bxd7 7. O-O Bd6 8.
Nc3 Nxc3 9. bxc3 O-O 10. Qh5 f5 11. c4 Qf6 12. c3 dxc4 13. Bxc4+ Be6 14. Bd3 h6
15. Re1 Rae8 16. Bd2 Re7 17. h4 Bd5 18. Be3 c6 19. c4 Be4 20. Bg5 Qf7 21. Qxf7+
Rexf7 22. Bxe4 hxg5 23. Bc2 Bb4 24. Re6 gxh4 25. Rb1 a5 26. d5 cxd5 27. cxd5 Rd8
28. Rd1 Bd6 29. Rb1 Kf8 30. Kf1 Bb4 31. Rd1 Rfd7 32. Bb3 Re7 33. Rg6 a4 34. d6
Rxd6 35. Rgxd6 Bxd6 36. Rxd6 axb3 37. axb3 Kf7 38. Rb6 g6 39. Kg1 Kg7 40. Kh2
Kh6 41. Kh3 Kh5 42. g3 hxg3 43. Kxg3 g5 44. Rb5 f4+ 45. Kf3 Rc7 46. Rb6 Rc3+ 47.
Kg2 Kh4 48. Rh6+ Kg4 49. Rb6 Rc7 50. Rb4 Kh4 51. Kh2 Rd7 52. Rb6 Rd2 53. Kg2 g4
54. Rxb7 g3 55. Rh7+ Kg5 56. Rg7+ Kf6 57. Rg8 Rxf2+ 58. Kg1 Rb2 59. b4 Rxb4 60.
Kg2 Rb2+ 61. Kf3 Rf2+ 62. Kg4 g2 63. Kh3 f3 64. Rf8+ Kg7 65. Rf5 Rf1 0-1

[Event "ch-USA w 2022"]
[Site "Saint Louis USA"]
[Date "2022.10.17"]
[Round "11.2"]
[White "Cervantes Landeiro, Thalia"]
[Black "Eswaran, Ashritha"]
[Result "1-0"]
[WhiteTitle "FM"]
[BlackTitle "FM"]
[WhiteElo "2272"]
[BlackElo "2365"]
[WhiteFideId "3520498"]
[BlackFideId "2080788"]
[EventDate "2022.10.05"]

1. Nf3 d5 2. e3 Nf6 3. b3 Bf5 4. Bb2 e6 5. Be2 h6 6. O-O Bd6 7. Ne5 O-O 8. f4
Nbd7 9. d3 Bh7 10. Nd2 Bc5 11. d4 Be7 12. Bd3 c5 13. Qf3 Qa5 14. Rad1 Bxd3 15.
Nxd3 Rac8 16. dxc5 Bxc5 17. Nxc5 Rxc5 18. c4 b5 19. a3 Rc6 20. b4 Qa4 21. cxd5
exd5 22. e4 Qc2 23. exd5 Rd6 24. Bxf6 Nxf6 25. Nb3 Re8 26. Nd4 Qc4 27. Nf5 Rxd5
28. Ne3 Rxe3 29. Qxe3 a6 30. Rxd5 Qxd5 31. h3 Ne4 32. f5 Nf6 33. Qf3 Qd4+ 34.
Kh2 Ne4 35. Qf4 Qd5 36. Rc1 Nd6 37. Rc5 Qd3 38. f6 g5 39. Qe5 g4 40. hxg4 Qe4
41. Qxd6 Kh7 42. Rc8 Qxg4 43. Qd3+ 1-0

[Event "ch-USA w 2022"]
[Site "Saint Louis USA"]
[Date "2022.10.17"]
[Round "11.3"]
[White "Morris-Suzuki, Sophie"]
[Black "Foisor, Sabina-Francesca"]
[Result "0-1"]
[WhiteTitle "WFM"]
[BlackTitle "WGM"]
[WhiteElo "2126"]
[BlackElo "2203"]
[WhiteFideId "30922615"]
[BlackFideId "1212915"]
[EventDate "2022.10.05"]

1. e4 c6 2. d4 d5 3. e5 Bf5 4. h4 h5 5. Bd3 Bxd3 6. Qxd3 Qa5+ 7. Nd2 e6 8. Nf3
Ne7 9. O-O Nf5 10. c4 Be7 11. a4 Nd7 12. b3 Qd8 13. g3 g5 14. hxg5 Bxg5 15. Nh2
Bxd2 16. Qxd2 dxc4 17. bxc4 Nb6 18. Rd1 Nxc4 19. Qc3 Qd5 20. Bf4 Rg8 21. a5 Nh4
22. f3 Nf5 23. Kf2 b5 24. axb6 Nxb6 25. g4 Ne7 26. gxh5 f5 27. exf6 Qxh5 28. Ng4
Nbd5 29. Qd2 Nxf4 30. Qxf4 Qf5 31. Qd6 Qc2+ 32. Kg1 Nd5 33. Qxe6+ Kf8 34. Rac1
Qb3 35. Qd6+ Kf7 36. Kh2 Rh8+ 37. Kg3 Rh3+ 38. Kxh3 Qxf3+ 39. Kh4 Rh8+ 40. Kg5
Rg8+ 41. Kh6 Qh3# 0-1

[Event "ch-USA w 2022"]
[Site "Saint Louis USA"]
[Date "2022.10.17"]
[Round "11.4"]
[White "Lee, Alice"]
[Black "Abrahamyan, Tatev"]
[Result "1/2-1/2"]
[WhiteTitle "FM"]
[BlackTitle "WGM"]
[WhiteElo "2263"]
[BlackElo "2308"]
[WhiteFideId "30941822"]
[BlackFideId "13301918"]
[EventDate "2022.10.05"]

1. d4 Nf6 2. c4 e6 3. Nf3 d5 4. Nc3 h6 5. g3 Bd6 6. Bg2 O-O 7. O-O Nc6 8. a3
dxc4 9. Qa4 e5 10. Qxc4 exd4 11. Nxd4 Nxd4 12. Qxd4 Qe7 13. Qd3 c6 14. b4 Rd8
15. Qc2 Be6 16. Bb2 Be5 17. Rfe1 a5 18. Ne4 Bxb2 19. Qxb2 Nxe4 20. Bxe4 Bh3 21.
Bd3 Qe6 22. Rad1 Rd7 23. Rd2 axb4 24. axb4 Rad8 25. Ra1 Kf8 26. Qc3 b6 27. Rc2
Rd6 28. Qc4 Qf6 29. Qc3 Rd4 30. Rb1 Rxd3 31. exd3 Qf3 32. Qxc6 Rd5 33. Qa8+ Ke7
34. Re1+ Kf6 35. Qc6+ Kg5 36. Qxd5+ Qxd5 37. Re5+ Qxe5 38. f4+ Qxf4 39. gxf4+
Kxf4 40. Rf2+ Ke3 41. Rxf7 b5 42. Rxg7 Bf5 43. Rc7 Bxd3 44. Rc6 h5 45. Rc5 Be2
46. Re5+ Kd2 47. Kf2 Bc4 48. Rxh5 Kc3 49. Ke3 Kxb4 50. Kd4 Kb3 51. Kc5 Kc3 52.
Re5 Bd3 53. Rd5 b4 54. Rxd3+ Kxd3 55. Kxb4 Ke4 56. Kc5 Kf4 57. Kd4 Kg4 58. Ke3
Kh3 59. Kf2 Kxh2 1/2-1/2

[Event "ch-USA w 2022"]
[Site "Saint Louis USA"]
[Date "2022.10.17"]
[Round "11.6"]
[White "Yan, Ruiyang"]
[Black "Lee, Megan"]
[Result "1-0"]
[WhiteTitle "FM"]
[BlackTitle "WIM"]
[WhiteElo "2220"]
[BlackElo "2226"]
[WhiteFideId "30919860"]
[BlackFideId "2029618"]
[EventDate "2022.10.05"]

1. e4 e5 2. Nf3 Nc6 3. Bc4 Bc5 4. c3 Nf6 5. d4 exd4 6. e5 d5 7. Bb5 Ne4 8. cxd4
Bb6 9. O-O O-O 10. Be3 Ne7 11. Nbd2 Bg4 12. Qc2 Nxd2 13. Nxd2 Nf5 14. h3 Bxd4
15. Bf4 Qh4 16. hxg4 Qxg4 17. Bd7 Qxf4 18. Bxf5 g6 19. Bd3 Bxe5 20. g3 Qg4 21.
Kg2 c6 22. Nf3 Bf6 23. Rh1 Rfe8 24. Rh6 Kg7 25. Rah1 Rh8 26. Qc1 Kg8 27. b3 Bg7
28. R6h4 Qd7 29. g4 f6 30. R1h3 Qf7 31. Qb1 Re8 32. Rxh7 f5 33. gxf5 gxf5 34.
Bxf5 Qf6 35. Rxh8+ Bxh8 36. Rg3+ Kf8 37. Rg6 Qb2 38. Qh1 Bf6 1-0

[Event "ch-USA w 2022"]
[Site "Saint Louis USA"]
[Date "2022.10.17"]
[Round "11.7"]
[White "Wu, Rochelle"]
[Black "Zatonskih, Anna"]
[Result "1/2-1/2"]
[WhiteTitle "FM"]
[BlackTitle "IM"]
[WhiteElo "2317"]
[BlackElo "2368"]
[WhiteFideId "30908132"]
[BlackFideId "14101572"]
[EventDate "2022.10.05"]

1. d4 d5 2. c4 e6 3. Nc3 Nf6 4. cxd5 exd5 5. Bg5 c6 6. e3 Be7 7. Qc2 Nbd7 8. Nf3
Nh5 9. Bxe7 Qxe7 10. Be2 g6 11. O-O O-O 12. Rab1 Nb6 13. Nd2 Ng7 14. b4 Bf5 15.
Bd3 a6 16. a4 Rac8 17. Rfc1 Bxd3 18. Qxd3 Nf5 19. b5 axb5 20. axb5 c5 21. dxc5
Qxc5 22. Ne2 Qd6 23. Nd4 Nxd4 24. Qxd4 Rfd8 25. h4 h5 26. Rxc8 Nxc8 27. Rd1 Qb6
28. Qe5 Qd6 29. Qg5 Qe7 30. Ne4 Kg7 31. Nc3 Qxg5 32. hxg5 Nb6 33. Rd4 Rd7 34.
Kf1 f6 35. gxf6+ Kxf6 36. Ke2 Ke6 37. Kd3 Rf7 38. f3 Rc7 39. Ne2 g5 40. Nc3 Rc5
41. Rb4 Rc8 42. Rd4 Rc5 43. Rb4 Rc8 44. Rd4 Rc5 1/2-1/2

[Event "ch-USA w 2022"]
[Site "Saint Louis USA"]
[Date "2022.10.18"]
[Round "12.1"]
[White "Foisor, Sabina-Francesca"]
[Black "Lee, Alice"]
[Result "1/2-1/2"]
[WhiteTitle "WGM"]
[BlackTitle "FM"]
[WhiteElo "2203"]
[BlackElo "2263"]
[WhiteFideId "1212915"]
[BlackFideId "30941822"]
[EventDate "2022.10.05"]

1. Nf3 d5 2. e3 Nf6 3. b3 Bf5 4. Bb2 e6 5. Be2 h6 6. d3 Nbd7 7. Nbd2 c6 8. O-O
Be7 9. a3 O-O 10. Re1 Qc7 11. Bf1 Rad8 12. Qe2 Rfe8 13. g3 Bg4 14. h3 Bh5 15.
Bg2 e5 16. g4 Bg6 17. e4 d4 18. Nf1 Nf8 19. Bc1 Ne6 20. Ng3 Nd7 21. h4 c5 22.
Bh3 Nf4 23. Qf1 b5 24. Nf5 Bf8 25. g5 h5 26. Ng3 Nxh3+ 27. Qxh3 c4 28. Qf1 cxb3
29. cxb3 Qc3 30. Bd2 Qxb3 31. Reb1 Qa4 32. Ne1 Nc5 33. Rb4 Qa6 34. Qe2 Rb8 35.
Nxh5 Qe6 36. Rab1 Bxh5 37. Qxh5 Qh3 38. Rxb5 Rxb5 39. Rxb5 Nxd3 40. Rb3 g6 41.
Qe2 Nc1 42. Rxh3 Nxe2+ 43. Kf1 Nf4 44. Rb3 Ne6 45. Nd3 Nc5 46. Nxc5 Bxc5 47. Ke2
Kg7 48. Kf3 Re6 49. Rb5 Rc6 50. Bb4 Bxb4 51. axb4 Re6 52. Ke2 Re7 53. Rd5 Rb7
54. Rxe5 Rxb4 55. f4 Rb3 56. Kf2 Re3 57. Re7 Kf8 58. Rxa7 Rxe4 59. Kf3 Re3+ 60.
Kg4 Re1 61. Rd7 Rd1 62. Kf3 d3 63. Ke3 Re1+ 64. Kf2 Re2+ 65. Kf3 Rd2 66. Ke3 Rh2
67. Kxd3 Rxh4 68. Ke4 Rh1 69. Ra7 Re1+ 70. Kf3 Rf1+ 71. Ke4 Re1+ 72. Kf3 Rf1+
73. Ke4 Re1+ 1/2-1/2

[Event "ch-USA w 2022"]
[Site "Saint Louis USA"]
[Date "2022.10.18"]
[Round "12.2"]
[White "Zatonskih, Anna"]
[Black "Paikidze, Nazi"]
[Result "1/2-1/2"]
[WhiteTitle "IM"]
[BlackTitle "IM"]
[WhiteElo "2368"]
[BlackElo "2354"]
[WhiteFideId "14101572"]
[BlackFideId "13603620"]
[EventDate "2022.10.05"]

1. d4 Nf6 2. c4 e6 3. Nc3 Bb4 4. Qc2 O-O 5. a3 Bxc3+ 6. Qxc3 d6 7. g3 Re8 8. Bg2
e5 9. Nf3 Qe7 10. O-O a5 11. dxe5 dxe5 12. Bg5 Nc6 13. Nd2 Bg4 14. Bxc6 bxc6 15.
Qe3 e4 16. f3 exf3 17. Qxe7 Rxe7 18. exf3 Bf5 19. Rfe1 Rd7 20. Nb3 Rd3 21. Re3
h6 22. Rxd3 Bxd3 23. Bxf6 gxf6 24. Rc1 h5 25. Rc3 Bf5 26. Nd4 Bd7 27. c5 Rd8 28.
Rc2 Be6 29. Rd2 a4 30. Kf2 Rd5 31. f4 Rxc5 32. Rc2 Rxc2+ 33. Nxc2 c5 34. Ne3 f5
35. Ke2 Kf8 36. Kd3 Ke7 37. Nd1 Kd6 38. Nc3 Bb3 39. Nb5+ Kc6 40. Nc3 Kd6 41. Ke3
Bc2 42. Kd2 Bb3 43. Ke3 Bc2 44. Kd2 Bb3 45. Ke3 Bc2 1/2-1/2

[Event "ch-USA w 2022"]
[Site "Saint Louis USA"]
[Date "2022.10.18"]
[Round "12.3"]
[White "Abrahamyan, Tatev"]
[Black "Wu, Rochelle"]
[Result "1-0"]
[WhiteTitle "WGM"]
[BlackTitle "FM"]
[WhiteElo "2308"]
[BlackElo "2317"]
[WhiteFideId "13301918"]
[BlackFideId "30908132"]
[EventDate "2022.10.05"]

1. e4 c5 2. Nf3 d6 3. d4 cxd4 4. Nxd4 Nf6 5. Nc3 Nc6 6. Bg5 e6 7. Qd3 Be7 8.
O-O-O Nxd4 9. Qxd4 O-O 10. f4 Qa5 11. Kb1 h6 12. h4 Rd8 13. Bd3 e5 14. Qf2 exf4
15. Bxf4 Be6 16. Rhe1 Ng4 17. Qg3 Bf6 18. Nd5 Bxd5 19. exd5 Qb4 20. Bc1 Ne5 21.
Re4 Qa5 22. Rf1 Nxd3 23. cxd3 Rac8 24. Rxf6 Rxc1+ 25. Kxc1 Qxa2 26. Rf2 Qa1+ 27.
Kc2 Rc8+ 28. Rc4 Qa4+ 29. Kd2 Qa5+ 30. Rc3 Qb4 31. Ke1 Rxc3 32. bxc3 Qxc3+ 33.
Ke2 Qc2+ 34. Ke3 Qc5+ 35. Ke4 Qb4+ 36. Kf3 a5 37. Qf4 Qb3 38. Qc4 1-0

[Event "ch-USA w 2022"]
[Site "Saint Louis USA"]
[Date "2022.10.18"]
[Round "12.4"]
[White "Eswaran, Ashritha"]
[Black "Yan, Ruiyang"]
[Result "0-1"]
[WhiteTitle "FM"]
[BlackTitle "FM"]
[WhiteElo "2365"]
[BlackElo "2220"]
[WhiteFideId "2080788"]
[BlackFideId "30919860"]
[EventDate "2022.10.05"]

1. Nf3 Nf6 2. c4 e6 3. Nc3 d5 4. e3 c5 5. cxd5 exd5 6. d4 Nc6 7. Bb5 a6 8. Bxc6+
bxc6 9. dxc5 Bxc5 10. h3 O-O 11. O-O Bd6 12. b3 c5 13. Ba3 Bb7 14. Na4 Qe7 15.
Rc1 Ne4 16. Nd2 d4 17. Nc4 dxe3 18. Nxe3 Rad8 19. Qe2 Qe5 20. Ng4 Qg5 21. Rc2 f5
22. Nh2 Nd2 23. f4 Bxf4 24. Rxf4 Qxf4 25. Nxc5 Qd4+ 26. Qf2 Qxf2+ 27. Kxf2 Ne4+
28. Nxe4 Bxe4 29. Rb2 Rfe8 30. Bc5 Rd1 31. Nf1 Bd3 32. Ne3 Rc1 33. Bd6 g5 34.
Rd2 f4 35. Nd1 Rc2 36. Rxc2 Bxc2 37. Nc3 Rd8 38. Be7 Rd2+ 39. Kg1 h6 40. b4 Kf7
41. Bc5 h5 42. Kf1 g4 43. hxg4 hxg4 44. a4 Bd3+ 45. Ke1 Rxg2 46. b5 axb5 47.
axb5 Ke6 48. b6 Ba6 49. Bd4 g3 50. Nb1 Kd5 51. b7 Bxb7 52. Ba7 f3 53. Nd2 f2+
54. Kf1 Rg1+ 55. Ke2 Ke6 56. Bd4 Re1+ 57. Kd3 f1=Q+ 58. Nxf1 Rxf1 0-1

[Event "ch-USA w 2022"]
[Site "Saint Louis USA"]
[Date "2022.10.18"]
[Round "12.5"]
[White "Tokhirjonova, Gulrukhbegim"]
[Black "Cervantes Landeiro, Thalia"]
[Result "0-1"]
[WhiteTitle "WGM"]
[BlackTitle "FM"]
[WhiteElo "2336"]
[BlackElo "2272"]
[WhiteFideId "14203626"]
[BlackFideId "3520498"]
[EventDate "2022.10.05"]

1. Nf3 Nf6 2. g3 g6 3. Bg2 Bg7 4. c4 O-O 5. O-O d5 6. cxd5 Nxd5 7. d4 Nb6 8. Nc3
Nc6 9. e3 a5 10. Nh4 a4 11. Rb1 Bd7 12. f4 Qc8 13. Nf3 Rd8 14. Qe2 Bf5 15. Ra1
h6 16. Bd2 a3 17. b3 Nb4 18. Rfd1 Bd3 19. Qf2 Bc2 20. Rf1 c5 21. Ne5 Nd3 22.
Nxd3 cxd4 23. Ne2 Bxd3 24. Rfc1 dxe3 25. Bxe3 Qe6 26. Bxb6 Bxe2 27. Bxb7 Rab8
28. Bxd8 Rxd8 29. Kh1 Bxa1 30. Rxa1 Rd2 31. Bg2 Qf6 32. Re1 Qb2 33. Qc5 Bg4 34.
Bd5 Rxd5 35. Qxd5 Qf2 36. Qe4 Bf3+ 37. Qxf3 Qxf3+ 38. Kg1 Qc3 39. Re2 Qd3 40.
Kf2 e6 41. Ke1 h5 42. Rd2 Qe4+ 43. Re2 Qd4 44. Kf1 h4 45. Kg2 hxg3 46. hxg3 f6
47. Kf3 Kf7 48. Re4 Qd3+ 49. Re3 Qf1+ 50. Ke4 Qb1+ 0-1

[Event "ch-USA w 2022"]
[Site "Saint Louis USA"]
[Date "2022.10.18"]
[Round "12.7"]
[White "Lee, Megan"]
[Black "Morris-Suzuki, Sophie"]
[Result "0-1"]
[WhiteTitle "WIM"]
[BlackTitle "WFM"]
[WhiteElo "2226"]
[BlackElo "2126"]
[WhiteFideId "2029618"]
[BlackFideId "30922615"]
[EventDate "2022.10.05"]

1. e4 c5 2. Nf3 Nc6 3. d4 cxd4 4. Nxd4 Qb6 5. Nb3 Nf6 6. Nc3 e6 7. Be3 Qc7 8. a3
a6 9. f4 d6 10. Be2 b5 11. Bf3 Bb7 12. Qe2 Be7 13. Qf2 O-O 14. O-O Nd7 15. Rad1
Bf6 16. Nb1 a5 17. c3 e5 18. f5 a4 19. Nc1 Na5 20. Nd2 Nc5 21. g4 Qe7 22. Be2
Nxe4 23. Nxe4 Bxe4 24. Bxb5 Rab8 25. Ba6 Ra8 26. Bd3 Bb7 27. Na2 Rfc8 28. Nb4 d5
29. Qg3 h6 30. Bf2 Rd8 31. Rfe1 Nc4 32. Re2 e4 33. Bxc4 dxc4 34. Bd4 Bg5 35. Rf1
e3 36. Bxe3 Re8 37. Nc2 Rad8 38. Bxg5 Qxe2 39. Bxd8 Qxc2 40. Bb6 Qxb2 41. Bf2
Qxa3 42. f6 gxf6 43. Bd4 Qe7 44. h4 a3 45. Ra1 Qe2 46. g5 Kh7 47. Rf1 a2 48. Ra1
Re4 49. Rxa2 Qd1+ 50. Kh2 Rg4 51. g6+ Rxg6 52. Qxg6+ Kxg6 53. Rf2 Qh1+ 54. Kg3
Qg1+ 55. Kf4 f5 56. h5+ Kxh5 57. Ke5 Qe1+ 58. Kxf5 Qe6+ 59. Kf4 Qe4+ 60. Kg3
Qh4# 0-1

[Event "ch-USA w 2022"]
[Site "Saint Louis USA"]
[Date "2022.10.19"]
[Round "13.2"]
[White "Cervantes Landeiro, Thalia"]
[Black "Yu, Jennifer"]
[Result "0-1"]
[WhiteTitle "FM"]
[BlackTitle "FM"]
[WhiteElo "2272"]
[BlackElo "2297"]
[WhiteFideId "3520498"]
[BlackFideId "2078341"]
[EventDate "2022.10.05"]

1. d4 Nf6 2. c4 e6 3. Nf3 b6 4. g3 Bb7 5. Bg2 Be7 6. O-O O-O 7. Re1 a5 8. Bg5
Ne4 9. Bxe7 Qxe7 10. Nfd2 f5 11. Nxe4 fxe4 12. Nc3 d5 13. cxd5 exd5 14. Qb3 Qb4
15. Red1 Na6 16. Rac1 Qxb3 17. axb3 Rad8 18. Nb5 c6 19. Nc3 Nb4 20. Na4 Ba6 21.
Bf1 Rb8 22. Kg2 g5 23. e3 Bd3 24. Rd2 Rf6 25. Kg1 Kf7 26. Bxd3 Nxd3 27. Rf1 Rf3
28. Rc2 Nb4 29. Rd2 Ke7 30. Rc1 Kd6 31. Rf1 Kc7 32. Nc3 Rbf8 33. Ne2 h5 34. Kg2
c5 35. h4 gxh4 36. gxh4 Rg8+ 37. Ng3 Rg4 38. Rh1 Kd6 39. dxc5+ bxc5 40. Ra1 Nc6
41. Rc1 d4 42. exd4 cxd4 43. Rc4 d3 44. Ra4 Ne5 45. Rxa5 Ng6 46. Ra6+ Kc7 47.
Ra4 Nxh4+ 48. Kh3 Nf5 49. Rc4+ Kd6 50. Kh2 Nxg3 51. fxg3 Kd5 52. Ra4 Rgxg3 53.
Ra5+ Kd4 54. Rxh5 Ke3 55. Rd1 Ke2 56. Ra1 d2 57. Rh4 e3 0-1

[Event "ch-USA w 2022"]
[Site "Saint Louis USA"]
[Date "2022.10.19"]
[Round "13.3"]
[White "Morris-Suzuki, Sophie"]
[Black "Eswaran, Ashritha"]
[Result "1-0"]
[WhiteTitle "WFM"]
[BlackTitle "FM"]
[WhiteElo "2126"]
[BlackElo "2365"]
[WhiteFideId "30922615"]
[BlackFideId "2080788"]
[EventDate "2022.10.05"]

1. d4 Nf6 2. c4 e6 3. Nc3 Bb4 4. f3 c5 5. d5 b5 6. e4 d6 7. Ne2 bxc4 8. Nf4 e5
9. Ne2 Nbd7 10. a3 Ba5 11. Ng3 O-O 12. Bxc4 Bxc3+ 13. bxc3 Qa5 14. Bd2 Ba6 15.
Qe2 Bxc4 16. Qxc4 Nb6 17. Qe2 Qa4 18. O-O Nc4 19. Bg5 Nd7 20. Be7 Rfe8 21. Nf5
g6 22. Nxd6 Nxd6 23. Bxd6 Qb3 24. Rab1 Qxc3 25. Qb5 Nb6 26. Qxc5 Qd3 27. Rfd1
Qe2 28. Re1 Qd3 29. Rbd1 Qb3 30. Bc7 Qa4 31. Rc1 Rac8 32. Qc6 Qxa3 33. d6 Red8
34. Qb7 Rd7 35. Qc6 Qa4 36. Qxa4 Nxa4 37. Rc6 Nb6 38. Ra1 Na8 39. Rxa7 Nxc7 40.
Rcxc7 Rdxc7 41. dxc7 Kf8 42. f4 exf4 43. Kf2 Ke7 44. Kf3 Kd7 45. Kxf4 f6 46. g4
h6 47. h4 Rf8 48. c8=Q+ Kxc8 49. Ra8+ 1-0

[Event "ch-USA w 2022"]
[Site "Saint Louis USA"]
[Date "2022.10.19"]
[Round "13.4"]
[White "Wu, Rochelle"]
[Black "Foisor, Sabina-Francesca"]
[Result "1-0"]
[WhiteTitle "FM"]
[BlackTitle "WGM"]
[WhiteElo "2317"]
[BlackElo "2203"]
[WhiteFideId "30908132"]
[BlackFideId "1212915"]
[EventDate "2022.10.05"]

1. d4 d5 2. c4 c6 3. Nf3 Nf6 4. Nc3 e6 5. e3 Nbd7 6. cxd5 exd5 7. Bd3 Bd6 8. O-O
O-O 9. b3 Re8 10. Qc2 Qe7 11. Bb2 Nf8 12. Rae1 Ne4 13. Nd2 Bf5 14. f4 Nxd2 15.
Qxd2 Bxd3 16. Qxd3 Bb4 17. e4 Bxc3 18. Qxc3 dxe4 19. d5 f6 20. dxc6 Rac8 21. Qa5
bxc6 22. Ba3 c5 23. Re3 f5 24. Bb2 Ne6 25. Be5 Red8 26. Rc1 Rd7 27. b4 Rcd8 28.
bxc5 Rd1+ 29. Re1 R1d2 30. Bd6 R2xd6 31. cxd6 Qxd6 32. Qxf5 e3 33. Rxe3 Nxf4 34.
Rce1 Rf8 35. Qc2 Qb6 36. Qb3+ Qxb3 37. Rxb3 Rd8 38. g3 Nh3+ 39. Kg2 Ng5 40. Re2
h6 41. Rb7 a5 42. Rb5 a4 43. Rb4 a3 44. Rb3 Ra8 45. h4 Nh7 46. Re7 Nf6 47. Rbb7
Ne8 48. Ra7 Rc8 49. Rxa3 Kf8 50. Re2 Kf7 51. Ra7+ Kf6 52. Rae7 Nc7 53. Rd7 Ne8
54. a4 g5 55. hxg5+ hxg5 56. a5 Kf5 57. Rf7+ Kg6 58. Rf8 Ra8 59. Rfxe8 Rxa5 60.
g4 1-0

[Event "ch-USA w 2022"]
[Site "Saint Louis USA"]
[Date "2022.10.19"]
[Round "13.5"]
[White "Lee, Alice"]
[Black "Lee, Megan"]
[Result "0-1"]
[WhiteTitle "FM"]
[BlackTitle "WIM"]
[WhiteElo "2263"]
[BlackElo "2226"]
[WhiteFideId "30941822"]
[BlackFideId "2029618"]
[EventDate "2022.10.05"]

1. d4 d5 2. c4 c6 3. Nf3 Nf6 4. e3 e6 5. b3 Nbd7 6. Bd3 Ne4 7. Nbd2 f5 8. O-O
Bd6 9. Bb2 Qf6 10. Qc1 g5 11. Ba3 Bb8 12. g3 h5 13. Re1 h4 14. Nf1 Qh6 15. Bb2
Ndf6 16. Qc2 hxg3 17. fxg3 Nxg3 18. cxd5 Nxf1 19. Bxf1 exd5 20. Qg2 Ne4 21. Bd3
Be6 22. Ne5 Bxe5 23. dxe5 O-O-O 24. Bd4 Kb8 25. b4 Qf8 26. Rab1 Rh4 27. Kh1 Rg4
28. Qc2 Rc8 29. Bxe4 Rxe4 30. Qc5 b6 31. Qxf8 Rxf8 32. Rbd1 Rc8 33. Rg1 g4 34.
Rge1 Rc7 35. a3 c5 36. bxc5 bxc5 37. Bb2 Rb7 38. Ba1 Rb3 39. Rb1 Rxe3 40. Rec1
Rxb1 41. Rxb1+ Kc7 42. Rc1 c4 43. h4 f4 44. Bd4 Rxa3 45. h5 Rh3+ 46. Kg1 Bf5 47.
Ra1 Rxh5 48. Rxa7+ Kc6 49. Ra6+ Kb5 50. Rb6+ Ka5 51. e6 Rh7 52. Rd6 Be4 53. Rd7
g3 54. Kf1 f3 55. e7 Rh1+ 56. Bg1 Rxg1+ 57. Kxg1 f2+ 58. Kf1 Bd3+ 59. Kg2 f1=Q+
60. Kxg3 Qe1+ 0-1

[Event "ch-USA w 2022"]
[Site "Saint Louis USA"]
[Date "2022.10.19"]
[Round "13.6"]
[White "Yan, Ruiyang"]
[Black "Tokhirjonova, Gulrukhbegim"]
[Result "1/2-1/2"]
[WhiteTitle "FM"]
[BlackTitle "WGM"]
[WhiteElo "2220"]
[BlackElo "2336"]
[WhiteFideId "30919860"]
[BlackFideId "14203626"]
[EventDate "2022.10.05"]

1. e4 e5 2. Nf3 Nc6 3. Bc4 Nf6 4. Ng5 d5 5. exd5 Na5 6. Bb5+ c6 7. dxc6 bxc6 8.
Bd3 Nd5 9. Nf3 Nf4 10. O-O Bd6 11. Re1 Nxd3 12. cxd3 O-O 13. Nc3 Re8 14. Ne4 Bf8
15. Ng3 c5 16. Nxe5 Bb7 17. Re3 Qd5 18. Nf3 Nc6 19. b3 f5 20. Ne2 Ne5 21. Nf4
Nxf3+ 22. Qxf3 Qd7 23. Qe2 Bd6 24. g3 Bxf4 25. gxf4 g5 26. Qh5 gxf4 27. Qg5+ Qg7
28. Qxg7+ Kxg7 29. Bb2+ Kf7 30. Rxe8 Rxe8 31. Kf1 Ba6 32. f3 Bxd3+ 33. Kg1 Re2
34. Rc1 Rxd2 35. Be5 Rxa2 36. Rxc5 h5 37. Bxf4 a6 38. Rc7+ Ke6 39. Rc6+ Ke7 40.
Rc7+ Kd8 41. Rc5 Bc2 42. b4 Kd7 43. Ra5 Rb2 44. Rxa6 Rxb4 45. Ra7+ Ke6 46. Ra6+
Kd5 47. Ra5+ Kc4 48. Kf2 Bb1 49. Be5 Rb3 50. Ra4+ Kd5 51. Ra5+ Ke6 52. Bf4 Bd3
53. Re5+ Kf6 54. Rd5 Bc4 55. Rd6+ Ke7 56. Rd4 Ba6 57. Rd5 Bb7 58. Rxf5 Rxf3+ 59.
Ke2 Ke6 60. Rf8 Rb3 61. Bg3 Bc6 62. Rb8 Ra3 63. Rd8 Bf3+ 64. Kf2 Bg4 65. Re8+
Kf7 66. Rd8 Ra2+ 67. Ke3 Ra4 68. Rd4 Rxd4 69. Kxd4 Kg6 70. Ke3 Kg5 71. Bb8 h4
72. Bc7 Bd7 73. Bb8 Bc8 74. Bc7 Bd7 75. Bb8 Bc8 76. Bc7 Bd7 77. Bb8 Bc8 78. Bc7
Bd7 1/2-1/2

[Event "ch-USA w 2022"]
[Site "Saint Louis USA"]
[Date "2022.10.19"]
[Round "13.7"]
[White "Paikidze, Nazi"]
[Black "Abrahamyan, Tatev"]
[Result "0-1"]
[WhiteTitle "IM"]
[BlackTitle "WGM"]
[WhiteElo "2354"]
[BlackElo "2308"]
[WhiteFideId "13603620"]
[BlackFideId "13301918"]
[EventDate "2022.10.05"]

1. d4 Nf6 2. c4 e6 3. Nf3 d5 4. Nc3 dxc4 5. e4 b5 6. e5 Nd5 7. Nxb5 Nb6 8. Be3
Nc6 9. Be2 Be7 10. O-O O-O 11. Nc3 Bb7 12. a3 Rb8 13. Qc2 Na5 14. Rad1 Bc6 15.
d5 exd5 16. Nd4 Bb7 17. e6 c5 18. exf7+ Rxf7 19. Ne6 Qc8 20. Bg4 Qc6 21. Nf4 d4
22. Be6 dxc3 23. bxc3 Rf8 24. Qf5 Qe4 25. Nd5 Bxd5 26. Rxd5 Qxf5 27. Rxf5 g6 28.
Rf3 Kg7 29. Bxf7 Rxf7 30. Bh6+ Kg8 31. Re1 Rxf3 32. gxf3 Kf7 33. Bf4 Nd5 34. Be5
Nc6 35. Bh8 Bf6 36. Bxf6 Kxf6 37. Re4 Ne5 38. f4 Nf3+ 39. Kg2 Nd2 40. Re1 Nxc3
41. f3 Nd5 42. Kf2 Nb3 43. Ke2 Nd4+ 44. Kd1 c3 0-1